LDR 02373namaa2200481 i 4500 001 000000178682 003 CaOOAMICUS 005 20260421131208.0 007 tu 008 260421s2026 it b 000 u ita r 020 $z978-88-6894-853-5* 040 $aPUL$bita$erda 082 0 $a234 100 1 $aCarolus de Foucauld,$csanto,$d1858-1916,$eautore.$0(OLS)http://pul/name/40585 245 13$aIl buon Dio è un grande architetto :$blettere a Louis de Foucauld e familiari /$cCharles de Foucauld; a cura delle Discepole del Vangelo. 264 4$c©2025. 264 1$aMilano :$bCentro Ambrosiano,$c[2026] 300 $a347 pagine : $bCarte geografiche ; $c21 cm 336 $atesto$btxt$2rdacontent 337 $asenza mediazione$bn$2rdamedia 338 $avolume$bnc$2rdacarrier 490 1 $aOpera Omnia Charles de Foucauld ;$v20 500 $aTraduzione dell'originale francese (Fonds Charles de Foucauld - Archives Diocésaines Viviers) a cura di padre Andrea Mandonico. 504 $aBibliografia in nota a piè pagina. 600 14$aFoucauld, Charles Eugène de,$cb.,$d1858-1916.$0(OLS)http://pul/subject/14279 700 1 $aDiscepole del Vangelo,$ecuratore.$0(OLS)http://pul/name/112746 700 1 $aMandonico, Andrea,$etraduttore.$0(OLS)http://pul/name/83582 830 0$aOpera Omnia Charles de Foucauld ;$v20.$0(OLS)http://pul/title/219799 850 $aPUL 852 $aPUL$W1$xSL Religione 3$y85$m234 DEFCH 2$j202454$qDDC 21$B207865$CPULBib$Z2$F207865 $H138564 $82 900 $aDe Foucauld, Charles Eugène,$cb.,$d1858-1916$940585 900 $aCarolus de Foucauld,$cb.,$d1858-1916$940585 900 $aCharles de Foucauld,$cb.,$d1858-1916$940585 941 1 $a9 960 $aCharles Eugène de Foucauld,$cb.,$d1858-1916 $914279 960 $aCarolus Eugène de Foucauld,$cb.,$d1858-1916$914279 960 $aDe Foucauld, Charles Eugène, $cb.,$d1858-1916$914279 996 $6020$z978-88-6894-853-5*$9(OLS)http://pul/number/170941 996 $6082$a234$9(OLS)http://pul/classification/573 996 $6245$aIl buon Dio è un grande architetto :$blettere a Louis de Foucauld e familiari$9(OLS)http://pul/title/220256 996 $6264$aMilano :$bCentro Ambrosiano$9(OLS)http://pul/publisher/64424 996 $6264$a[S.l.] :$b[s.n.]$9(OLS)http://pul/publisher/0